000 00623nam a2200205 i 4500
001 116727
003 ES-MaACL
005 20230906190746.0
007 t|
008 061121s1917 po r ||||1| por d
100 1 _aPascoais, Teixeira de (
_d1877-1952)
_989331
245 1 0 _aTerra prohibida /
_cTeixeira de Pascoais.
250 _a2ª ed.
260 _aPorto :
_bRenascença Portuguesa,
_c1917.
300 _a214 p. ;
_c17 cm.
490 1 _aObras completas de Teixeira de Pascoaes ;
_v2
830 0 _aObras completas de Teixeira de Pascoaes ;
_v2
_9186381
852 _aES-MaACL
_jF-3031
999 _c116727
_d116727